KOHA-Header-6

Cost Accounting (Record no. 7795)

000 -LEADER
fixed length control field 00257nam a2200109Ia 4500
100 ## - MAIN ENTRY--AUTHOR NAME
Personal name Horngern, Foster
245 #0 - TITLE STATEMENT
Title Cost Accounting
260 ## - PUBLICATION, DISTRIBUTION, ETC. (IMPRINT)
Place of publication New Delhi
Name of publisher McGraw-Hill
Year of publication 1997
300 ## - PHYSICAL DESCRIPTION
Number of Pages 1012
942 ## - ADDED ENTRY ELEMENTS (KOHA)
Koha item type Books
Holdings
Withdrawn status Lost status Collection code Permanent Location Current Location Shelving location Date acquired Full call number Accession Number Koha item type
      MAJU MAJU   2019-09-12 658.44 1936 Accounting

Powered by Koha